<?xml version="1.0" encoding="UTF-8"?>
<collection xmlns="http://www.loc.gov/MARC21/slim">
 <record>
  <leader>     na                 </leader>
  <controlfield tag="001">INLIS000000000002013</controlfield>
  <controlfield tag="005">20211115021342</controlfield>
  <datafield tag="035" ind1=" " ind2=" ">
   <subfield code="a">0010-0621001613</subfield>
  </datafield>
  <controlfield tag="008">211115                g          0 ind  </controlfield>
  <datafield tag="245" ind1="1" ind2=" ">
   <subfield code="a">Hukum Kontrak :</subfield>
   <subfield code="b">Teori Dan Teknik Penyusunan Kontrak</subfield>
  </datafield>
  <datafield tag="100" ind1="1" ind2=" ">
   <subfield code="a">Salim,HS</subfield>
  </datafield>
  <datafield tag="260" ind1=" " ind2=" ">
   <subfield code="a">Jakarta :</subfield>
   <subfield code="b">Sinar Grafika,</subfield>
   <subfield code="c">2004</subfield>
  </datafield>
  <datafield tag="300" ind1=" " ind2=" ">
   <subfield code="a">189 hlm. ;</subfield>
   <subfield code="c">23 cm.</subfield>
  </datafield>
  <datafield tag="020" ind1=" " ind2=" ">
   <subfield code="a">979-3421-47-9</subfield>
  </datafield>
  <datafield tag="084" ind1=" " ind2=" ">
   <subfield code="a">346.02 SAL h</subfield>
  </datafield>
  <datafield tag="520" ind1=" " ind2=" ">
   <subfield code="a">Hukum Kontrak Hukum Kontrak (contract of law</subfield>
  </datafield>
  <datafield tag="520" ind1=" " ind2=" ">
   <subfield code="a">bahasa Inggris) atau overeencomstrech (dalam batrasa Belanda) mengandung pengertian keseluruhan kaidah-kaidah hukum yang mengatur hubungan hukum antara dua pihak atau lebih berdasarkan kata sepakat untuk menimbulkan akibat hukum. Hukum kontrak di Indonesia masih menggunakan peraturan pemerintah kolonial Belanda yang terdapat dalam Buku III KUH Perdata. Buku III KUH Perdata menganut sistem terbuka (open system), artinya bahwa para pihak bebas mengadakan kontrak dengan siapa pun, menentukan syarat- syaratrya, pelaksanaannya, maupun bentuk kontraknya baili secara tertulis maupun lisan. Di samping itu, diperkenankan membuat kontrak, baik yang telah dikenal dalam KUH Perdata maupun di luar KUH Perdata. Hal ini sesuai pula dengan Pasal 1338 ayat (1) KUH Perdata yang berbunyi:`Semua perjanjian yang dibuat secara sah berlaku sebagai undang-undang bagi mereka yang membuatnya`. Buku ini menawarkan konsep teoretis hukum perjanjian dan bagaimana teknik penyusunan sebuah kontrak, yang di dalamnya membahas antara lain: konsep teoretis dan pengertian hukum perjanjian</subfield>
  </datafield>
  <datafield tag="520" ind1=" " ind2=" ">
   <subfield code="a">syarat-syarut sah dan momentum terjadinya kontrak</subfield>
  </datafield>
  <datafield tag="520" ind1=" " ind2=" ">
   <subfield code="a">kontrak-kontrak yang sudah dikenal dalam KUH Perdata (kontrak nominaat) seperti jual beli, tukar-menukar, sewa-menyewa, persekutuan perdata, hibah, penitipan barang, pinjam pakai, pinjam-meminjam, pemberian kuasa, penanggungan utang, perjanjian untung-untungan, dan perdamaian</subfield>
  </datafield>
  <datafield tag="520" ind1=" " ind2=" ">
   <subfield code="a">ketentuan-ketentuan umum dalam hukum kontrak</subfield>
  </datafield>
  <datafield tag="520" ind1=" " ind2=" ">
   <subfield code="a">penyusunan, struktur, dan anatomi kontrak</subfield>
  </datafield>
  <datafield tag="520" ind1=" " ind2=" ">
   <subfield code="a">pola penyelesaian sengketa di bidang kontrak</subfield>
  </datafield>
  <datafield tag="520" ind1=" " ind2=" ">
   <subfield code="a">serta berakhirnya kontrak. Materi buku ini sangat membantu berbagai kalangan seperti praktisi hukum, calon notaris atau notaris,legal drafier, matrasiswa hukum, maupun masyarakat luas baik dari segi teoretis maupun praktis. Di sisi lain, buku ini dapat menjawab tantangan zaman dengan berkembangnya bidang ekonomi dan perdagangan karena peserta bisnis sangat membutuhkan kontrak perjanjian sebagaibukti telah terjadinya suatu kerja sama antara para pihak.</subfield>
  </datafield>
  <datafield tag="082" ind1=" " ind2=" ">
   <subfield code="a">346.02</subfield>
  </datafield>
  <datafield tag="650" ind1=" " ind2="4">
   <subfield code="a">Hukum Kontrak</subfield>
  </datafield>
  <datafield tag="990" ind1=" " ind2=" ">
   <subfield code="a">018486</subfield>
  </datafield>
  <datafield tag="990" ind1=" " ind2=" ">
   <subfield code="a">018482</subfield>
  </datafield>
  <datafield tag="990" ind1=" " ind2=" ">
   <subfield code="a">048734</subfield>
  </datafield>
  <datafield tag="990" ind1=" " ind2=" ">
   <subfield code="a">048736</subfield>
  </datafield>
  <datafield tag="990" ind1=" " ind2=" ">
   <subfield code="a">048735</subfield>
  </datafield>
 </record>
</collection>
